Promis on avait pas oublié ton anniversaire - Statistiques

Statistiques générales
  • Ce quiz a été pris 14 fois
  • Le résultat moyen est 4 sur 11
Statistiques - réponses
Question Réponse % Correct
Qu'est ce qu'on fête aujourd'hui ? L'anniversaire de Manu
100%
Quel est le sport préféré de Manu ? Electrostimulation (avec Hélène)
67%
Quel est son expression préféré ? Tu le sais.... le.... machin.... euh.... mais enfin...
67%
Quel est son alcool préféré ? Un whiskey bien sec
67%
Quel est la spécialité culinaire de Manu ? La tarte à la tomate
33%
Quel est son enfant préféré ? Léane et Jade (même si c'est pas mes filles)
33%
Quel est son ministère préféré ? Ministère de l'Education nationale
33%
Quel est son animal préféré ? Tigrou de Noha
33%
Quel est le film préféré de Manu ? Astérix et Obélix mission Cléopatre
0%
Quelle est sa série préféré ? De toute façon c'est nuls les séries
0%
Quelle est son artiste préféré ? Gregory Porter
0%
Aucun quiz correspondant
Distribution des résultats
% des personnes avec chaque résultat
Percentile par nombre de réponses
Votre historique - résultats
Vous n’avez pas pris ce quiz